Tango /

Introducción de Perez Celis. Origen e influencias del tango. Bailarines y músicos. Creación de "el Choclo" y otros. Rinaldi y Villoldo. El organito. Cronologías de estrenos y actuaciones. Vida de Roncallo. Música de Fito Páez.

Guardado en:
Autor Principal: D'Angelo, Diego.
Formato: Deslizar
Series:Argentina visión
Materias:
Etiquetas: Agregar Etiqueta
Sin Etiquetas, Sea el primero en etiquetar este registro!
LEADER 01009ngm a22002775g 4500
001 CEM.cems021943
008 130507b1993##################0###0#####d
005 20240920161036.0
245 1 0 |a Tango /  |c Diego D'Angelo. 
300 |a 47'. 
490 0 |a Argentina visión 
500 |a En soporte VHS, consultar en ventanilla. 
520 |a Introducción de Perez Celis. Origen e influencias del tango. Bailarines y músicos. Creación de "el Choclo" y otros. Rinaldi y Villoldo. El organito. Cronologías de estrenos y actuaciones. Vida de Roncallo. Música de Fito Páez. 
538 |a Soporte: VHS - Norma: Pal N - Color - Grabación DRD 1993 - Hitachi=4036 
100 1 |a D'Angelo, Diego. 
082 A 8 |0 /SAB 
653 |a MUSICA 
653 |a ARGENTINA 
653 |a TANGO 
653 |a ARGENTINA-MUSICA 
653 |a VILLOLDO 
653 |a ORGANITO 
653 |a BAILARINES 
653 |a RONCALLO 
653 |a NIVEL SECUNDARIO 
859 |a CEMS  |b BIB. CEMS - Depto. Recursos Didacticos  |h 860  |i SAB  |k DRD  |p 586.12  |t Ej.1